[Event "17th Open A"]
[Site "Graz AUT"]
[Date "2010.09.03"]
[Round "7"]
[White "Lanka,Z"]
[Black "Danner,G"]
[Result "1/2-1/2"]
[WhiteElo "2468"]
[BlackElo "2418"]

1.e4 c5 2.Nf3 Nc6 3.d4 cxd4 4.Nxd4 Nf6 5.Nc3 d6 6.Bg5 e6 7.Qd2 a6 8.O-O-O Nxd4
9.Qxd4 Be7 10.Kb1 O-O 11.h4 b5 12.f3 Bb7 13.Qd2 Rc8 14.Ne2 d5 15.e5 Nd7 16.Bxe7 Qxe7
17.f4 f6 18.exf6 Nxf6 19.Ng3 e5 20.Qe1 Ne4 21.Nxe4 dxe4 22.fxe5 Qxe5 23.Qe3 Qc5
24.Qxc5 Rxc5 25.a4 bxa4 26.Rd4 Rfc8 27.Be2 h5 28.Rhd1 a5 29.g3 Bc6 30.g4 hxg4
31.Bxg4 Re8 32.Be2 Kh7 33.Rf1  1/2-1/2

[Event "ch-RUS Higher League w"]
[Site "St Petersburg RUS"]
[Date "2010.09.03"]
[Round "9"]
[White "Molchanova,T"]
[Black "Shaydullina,S"]
[Result "1-0"]
[WhiteElo "2381"]
[BlackElo "2210"]

1.e4 c5 2.Nf3 d6 3.d4 cxd4 4.Nxd4 Nf6 5.Nc3 Nc6 6.Bg5 e6 7.Qd2 Qb6 8.O-O-O a6
9.f3 Qxd4 10.Qxd4 Nxd4 11.Rxd4 Bd7 12.Bc4 Bc6 13.Bb3 Be7 14.Rd2 b5 15.Bf4 Nh5
16.Be3 Nf6 17.Rhd1 O-O-O 18.Bb6 Rde8 19.Kb1 Nd7 20.Be3 g5 21.Ne2 Bb7 22.c4 Nc5
23.cxb5 axb5 24.Nd4 d5 25.Rc2 Kb8 26.Nc6+ Bxc6 27.Bxc5 Bb7 28.exd5 exd5 29.Bxd5 Rd8
30.Bxe7 Rxd5 31.Rxd5 Bxd5 32.Bxg5 Bc4 33.Rd2 Kc8 34.b3 Be6 35.Kb2 Rg8 36.Bf4 h5
37.g3 Kb7 38.Ka3 Kc6 39.Kb4 Bd5 40.Rc2+ Kb6 41.Rc5 Bxf3 42.Rxb5+ Ka6 43.Rf5 Re8
44.Rf6+ Kb7 45.Rxf7+ Kc6 46.a4 Re2 47.h4 Bd5 48.Rf6+ Kb7 49.Kc5 Be6 50.Rh6 Rc2+
51.Kb4 Bg4 52.a5 Be2 53.Rd6 Ra2 54.Rd7+ Ka8 55.Rd2 Rxd2 56.Bxd2 Kb7 57.Kc5 Ka6
58.b4 Bb5 59.g4 hxg4 60.h5 g3 61.h6 g2 62.Be3 Bd3 63.b5+ Kxa5 64.b6 Ka6 65.Kc6 Bf5
66.Kc7 Be4 67.b7 Bxb7 68.h7  1-0

[Event "17th Open A"]
[Site "Graz AUT"]
[Date "2010.09.05"]
[Round "9"]
[White "Lanka,Z"]
[Black "Shengelia,D"]
[Result "1/2-1/2"]
[WhiteElo "2468"]
[BlackElo "2582"]

1.e4 c5 2.Nf3 Nc6 3.d4 cxd4 4.Nxd4 Nf6 5.Nc3 d6 6.Bg5 e6 7.Qd2 Be7 8.O-O-O Nxd4
9.Qxd4 O-O 10.h4 Qa5 11.f3 a6 12.Qa4 Qc7 13.Qc4 Qa5 14.Qa4 Qc7 15.Qc4 Qxc4
16.Bxc4 b5 17.Bd3 Bb7 18.Kb1 h6 19.Bc1 d5 20.exd5 Nxd5 21.Nxd5 Bxd5 22.h5 Rfd8
23.b3 Bf6 24.Bb2 Bxb2 25.Kxb2 Kf8 26.Rh4 Ke7 27.Rg4 Kf6  1/2-1/2

[Event "TCh-ROU Superliga w"]
[Site "Baile Herculane ROU"]
[Date "2010.09.09"]
[Round "6"]
[White "Videnova,I"]
[Black "Moldovan,Corina"]
[Result "1-0"]
[WhiteElo "2283"]
[BlackElo "2249"]

1.e4 c5 2.Nf3 d6 3.d4 cxd4 4.Nxd4 Nf6 5.Nc3 Nc6 6.Bg5 e6 7.Qd2 a6 8.O-O-O Bd7
9.f3 Qc7 10.Kb1 Be7 11.h4 h6 12.Be3 h5 13.Bg5 Ne5 14.f4 Neg4 15.Qe1 b5 16.a3 Qc5
17.Rh3 O-O 18.Be2 e5 19.Nb3 Qa7 20.f5 d5 21.Bxg4 hxg4 22.Rg3 dxe4 23.Bxf6 Bxf6
24.Qf1 Bc6 25.Rxg4 Rfd8 26.Nxe4 Rxd1+ 27.Qxd1 Bxe4 28.Rxe4 Qf2 29.Qf3 Qg1+
30.Ka2 Rc8 31.Qe2 Rd8 32.g4 Bxh4 33.Rxe5 Rd1 34.Re8+ Kh7 35.g5 Bxg5 36.Qh5+ Bh6
37.Qxf7  1-0

[Event "FSIMA September"]
[Site "Budapest HUN"]
[Date "2010.09.09"]
[Round "6"]
[White "Lengyel,B"]
[Black "Getz,N"]
[Result "1/2-1/2"]
[WhiteElo "2261"]
[BlackElo "2276"]

1.e4 c5 2.Nf3 d6 3.d4 cxd4 4.Nxd4 Nf6 5.Nc3 Nc6 6.Bg5 e6 7.Bb5 Bd7 8.O-O Be7
9.Nb3 a6 10.Be2 Qc7 11.f4 O-O 12.Qe1 h6 13.Bh4 d5 14.exd5 Nxd5 15.Nxd5 exd5
16.Bxe7 Nxe7 17.Bxa6 Rxa6 18.Qxe7 Re8 19.Qb4 Qxc2 20.Nd4 Qc4 21.Qxc4 dxc4
22.Rf2 Re4 23.Ne2 Rd6 24.Nc3 Red4 25.Re1 Bc6 26.Ree2 Rf6 27.f5 h5 28.Kf1 Kh7
29.Ke1 Kh6 30.g3 Kg5 31.Re7 h4 32.Ne2 Rg4 33.gxh4+ Rxh4 34.Ng3 Rd4 35.Rd2 Rh4
36.a3 g6 37.fxg6 Kxg6 38.Re3 Rhf4 39.Rd8 Rf3 40.Rxf3 Rxf3 41.Ne2 Be4 42.Nc3 Bd3
43.Rg8+ Kf5 44.Rg2 Ke6 45.Rf2 Rh3 46.Na4 Ke7 47.Nc5 b5 48.Na6 Be4 49.Re2 f5
50.Nc7 Rb3 51.Nd5+ Kd6 52.Nc3 Ke5 53.Kf2 b4 54.axb4 Rxb4 55.Nd1 Rb8 56.Ne3 Rc8
57.Ng2 Rh8 58.h4 f4 59.Ne1 Kf5 60.Nc2 f3 61.Nd4+ Kf4 62.Re3 Rxh4 63.Nxf3 Rh8
64.Rc3 Rb8 65.Nd2 Rxb2 66.Ke1 Bd3 67.Nxc4  1/2-1/2

[Event "WCh w Blitz Semi-Final"]
[Site "Moscow RUS"]
[Date "2010.09.15"]
[Round "16"]
[White "Pogonina,N"]
[Black "Charochkina,D"]
[Result "1/2-1/2"]
[WhiteElo "2491"]
[BlackElo "2303"]

1.e4 c5 2.Nf3 Nc6 3.d4 cxd4 4.Nxd4 Nf6 5.Nc3 d6 6.Bg5 e6 7.Qd2 Be7 8.Be2 O-O
9.Be3 e5 10.Nb3 a5 11.O-O Be6 12.Bf3 a4 13.Nc1 Qa5 14.a3 Rac8 15.N1e2 Bc4
16.Rfd1 Rfd8 17.Ng3 Bf8 18.Nf5 Be6 19.Ng3 Ne7 20.Nd5 Qxd2 21.Nxf6+ gxf6 22.Rxd2 d5
23.exd5 Nxd5 24.Rad1 Nxe3 25.Rxd8 Nxd1 26.Rxc8 Bxc8 27.Bxd1 f5 28.Be2 Bd7
29.Bc4 Bc5 30.Kf1 Kf8 31.Ke2 Ke7 32.Bd3 e4 33.Bc4 Kf6 34.Bd5 b6 35.Nf1 Ke7
36.Ne3 f6 37.g3 Kd6 38.Bc4 b5 39.Bg8 h6 40.f4 exf3+ 41.Kxf3 Bc6+ 42.Kf4 Bd4
43.Nxf5+ Kc5 44.Nxd4 Kxd4 45.Kf5 Be4+ 46.Kxf6 Bxc2 47.h4 Ke3 48.g4 Kd2 49.g5 hxg5
50.hxg5 Kc1 51.Be6 Kxb2 52.Bf5 Bb3 53.g6 Kxa3 54.Be6 Bc2 55.g7 Bh7 56.Kg5 Kb2
57.Kh6 Bf5 58.Bxf5 a3 59.g8=Q a2 60.Qg2+ Ka3 61.Qg1 Kb2 62.Qd4+  1/2-1/2

[Event "EYCC Girls U16"]
[Site "Batumi GEO"]
[Date "2010.09.21"]
[Round "2"]
[White "Leks,M"]
[Black "Kukic,L"]
[Result "1-0"]
[WhiteElo "2052"]
[BlackElo "1740"]

1.e4 c5 2.Nf3 d6 3.d4 cxd4 4.Nxd4 Nf6 5.Nc3 Nc6 6.Bg5 Bd7 7.Qd2 Rc8 8.f4 h6
9.Bxf6 gxf6 10.Nf5 Qa5 11.Bb5 a6 12.Bxc6 Bxc6 13.O-O-O h5 14.Rhe1 Bd7 15.Qd3 b5
16.e5 fxe5 17.fxe5 Rxc3 18.bxc3 Qxa2 19.Ne3 Qa3+ 20.Kd2 dxe5 21.Ke2 Qd6 22.Qe4 Qe6
23.Qa8+ Bc8 24.Nd5 Qg4+ 25.Kf2 Bh6 26.Nb6 O-O 27.Nxc8 Qxc8 28.Qf3 Qc5+ 29.Kf1 Bg7
30.Rd3 Qc4 31.Kg1 f5 32.Qxh5 Qf7 33.Qh4 Qf6 34.Qb4 Rc8 35.Rd5 Qe6 36.Qb3 Kf7
37.Rf1 Rc4 38.Rd2 Rc6 39.Rxf5+ Kg6 40.Qxe6+ Rxe6 41.g4 Rc6 42.Rd3 Rc4 43.Rg3 Bf6
44.Rf1 Bh4 45.Rg2 Rxc3 46.g5 Rc4 47.Rf8 Be1 48.Re8 Bb4 49.Ra8 Rc6 50.h4 e4
51.h5+ Kf5 52.g6 Bc5+ 53.Kf1 Bd4 54.g7 Bxg7 55.Rxg7  1-0

[Event "EYCC Girls U14"]
[Site "Batumi GEO"]
[Date "2010.09.21"]
[Round "2"]
[White "Patel,Y"]
[Black "Bezkorovaina,M"]
[Result "0-1"]
[WhiteElo "1820"]
[BlackElo "1957"]

1.e4 c5 2.Nf3 d6 3.d4 cxd4 4.Nxd4 Nf6 5.Nc3 Nc6 6.Bg5 e6 7.Qd2 Be7 8.O-O-O Qb6
9.Ndb5 O-O 10.Bxf6 Bxf6 11.Na4 Qd8 12.f4 e5 13.Kb1 Nd4 14.Qb4 Bg4 15.Rd2 Bd7
16.Nac3 Bxb5 17.Bxb5 a6 18.Bc4 b5 19.fxe5 Bxe5 20.Rxd4 Bxd4 21.Bxf7+ Rxf7
22.Qxd4 Qf6 23.Qd5 Re8 24.Rd1 Qe5 25.Qc6 Ref8 26.a3 Qc5 27.Qxd6 Qxd6 28.Rxd6 Rf1+
29.Ka2 R8f6 30.Rd8+ Kf7 31.Nd5 Re6 32.Rd7+ Kg8 33.Ra7 h5 34.Kb3 Rh1 35.h3 Rh2
36.Nf4 Rxe4 37.Nd3 Rxg2 38.Rxa6 Rg3 39.Rb6 Rxh3 40.Rxb5 h4 41.a4 Rg3 42.a5 Re8
43.Ka4 h3 44.Rh5 g6 45.Rh4 g5 46.Rh5 Kg7 47.Nf2 g4 48.Kb5 Kg6 49.Rh4 Kg5
50.Rh7 Rf3 51.Nd3 g3 52.Ne1 Rxe1 53.Rxh3 g2 54.Rh8 g1=Q 55.Rg8+ Kh6 56.Rxg1 Rxg1
57.a6 Rf6 58.c4 Rgg6 59.b4 Rxa6 60.c5 Kg7 61.Kc4 Kf7 62.b5 Ra4+ 63.Kd5 Rg5+
64.Kd6 Rd4+  0-1

[Event "EYCC Boys U18"]
[Site "Batumi GEO"]
[Date "2010.09.21"]
[Round "2"]
[White "Durarbeyli,V"]
[Black "Bazeev,G"]
[Result "1-0"]
[WhiteElo "2495"]
[BlackElo "2348"]

1.e4 c5 2.Nf3 Nc6 3.d4 cxd4 4.Nxd4 Nf6 5.Nc3 d6 6.Bg5 e6 7.Qd2 a6 8.O-O-O h6
9.Be3 Be7 10.f3 Nxd4 11.Bxd4 b5 12.Kb1 Rb8 13.g4 b4 14.Ne2 e5 15.Bf2 Be6
16.Bg3 Qc7 17.Nc1 O-O 18.Rg1 Rfd8 19.Bd3 d5 20.g5 Nh5 21.gxh6 g6 22.exd5 Rxd5
23.Qe2 Nxg3 24.Rxg3 Kh8 25.Rgg1 a5 26.Rde1 Rbd8 27.f4 exf4 28.Rxg6 fxg6 29.Qxe6 Bh4
30.Qxg6 Qd7 31.Rg1 Qe7 32.Qg7+ Qxg7 33.hxg7+ Kg8 34.Bc4 f3 35.Nd3 f2 36.Nxf2  1-0

[Event "EYCC Boys U16"]
[Site "Batumi GEO"]
[Date "2010.09.22"]
[Round "3"]
[White "Abasov,N"]
[Black "Mammadov,Me"]
[Result "1-0"]
[WhiteElo "2517"]
[BlackElo "1832"]

1.e4 c5 2.Nf3 Nc6 3.d4 cxd4 4.Nxd4 Nf6 5.Nc3 d6 6.Bg5 Bd7 7.Qd2 Rc8 8.O-O-O Nxd4
9.Qxd4 Qa5 10.Bd2 e6 11.a3 Qc7 12.f3 a6 13.g4 e5 14.Qd3 Be6 15.h4 d5 16.exd5 Nxd5
17.Nxd5 Bxd5 18.Bc3 Be6 19.Qe4 Bd6 20.Bd3 b5 21.Rhe1 f6 22.a4 b4 23.Bxb4 Bxb4
24.Qxb4 Rb8 25.Qa3 Rb3 26.Qa1 O-O 27.Kb1 Rb4 28.Re4 Rb6 29.a5 Rd6 30.Qa4 Bd5
31.Bc4 Bxc4 32.Rxd6 Qxd6 33.Qxc4+ Kh8 34.Qd3 Qc6 35.b3 Rb8 36.Rb4 Qc7 37.Rxb8+ Qxb8
38.Qxa6 h6 39.Qb6 Qa8 40.a6 Kh7 41.Qb7 Qd8 42.a7 Qd1+ 43.Kb2 Qd4+ 44.Ka2  1-0

[Event "EYCC Boys U18"]
[Site "Batumi GEO"]
[Date "2010.09.22"]
[Round "3"]
[White "Petrisor,A"]
[Black "Krejci,Jan2"]
[Result "1/2-1/2"]
[WhiteElo "2365"]
[BlackElo "2454"]

1.e4 c5 2.Nf3 d6 3.d4 cxd4 4.Nxd4 Nf6 5.Nc3 Nc6 6.Bg5 e6 7.Qd2 a6 8.O-O-O Bd7
9.f3 h6 10.Be3 b5 11.Kb1 Nxd4 12.Bxd4 Qc7 13.g4 b4 14.Ne2 e5 15.Be3 Be6 16.g5 hxg5
17.Bxg5 Qb7 18.Ng3 Be7 19.Nf5 Bxf5 20.exf5 Rd8 21.Bxf6 Bxf6 22.Qd5 Qxd5 23.Rxd5 Rh5
24.Bd3 Kd7 25.Ra5 Ra8 26.Be4 Ra7 27.a3 Bd8 28.Ra4 bxa3 29.Rxa3 Bb6  1/2-1/2

[Event "EYCC Girls U16"]
[Site "Batumi GEO"]
[Date "2010.09.22"]
[Round "3"]
[White "Shvayger,Y"]
[Black "Langnerova,K"]
[Result "1-0"]
[WhiteElo "2200"]
[BlackElo "1868"]

1.e4 c5 2.Nf3 Nc6 3.d4 cxd4 4.Nxd4 Nf6 5.Nc3 d6 6.Bg5 e6 7.Qd2 Be7 8.O-O-O a6
9.f3 Bd7 10.h4 b5 11.Nxc6 Bxc6 12.Ne2 O-O 13.Nd4 Bb7 14.Be3 Nd7 15.h5 Ne5
16.g4 Rc8 17.Rg1 d5 18.h6 g6 19.Bf4 Nc4 20.Bxc4 dxc4 21.Ne2 Qxd2+ 22.Rxd2 Rfd8
23.Rgd1 f6 24.Rd7  1-0

[Event "EYCC Girls U18"]
[Site "Batumi GEO"]
[Date "2010.09.23"]
[Round "4"]
[White "Motycakova,M"]
[Black "Tsatsalashvili,K"]
[Result "0-1"]
[WhiteElo "2072"]
[BlackElo "2266"]

1.e4 c5 2.Nf3 d6 3.d4 cxd4 4.Nxd4 Nf6 5.Nc3 Nc6 6.Bg5 e6 7.Qd2 a6 8.O-O-O Nxd4
9.Qxd4 Be7 10.f4 b5 11.Be2 Bb7 12.Bf3 O-O 13.e5 Bxf3 14.exf6 gxf6 15.gxf3 fxg5
16.Ne4 d5 17.Nxg5 Bf6 18.Qd2 h6 19.Ne4 Bg7 20.Rhg1 Kh8 21.Ng3 Qh4 22.Rg2 b4
23.Ne2 a5 24.Rdg1 Rg8 25.Kb1 Qf6 26.c3 Rab8 27.Ka1 a4 28.Qd4 Qxd4 29.cxd4 Bf6
30.Rxg8+ Rxg8 31.Rxg8+ Kxg8 32.Kb1 Kg7 33.Kc2 Be7 34.f5 Bd6 35.fxe6 fxe6
36.f4 Kg6 37.Kd3 Kf5 38.Ke3 Kg4 39.h3+ Kxh3 40.Kf3 Kh4 41.Ng3 Bc7 42.b3 axb3
43.axb3 Bd6 44.Nf1 Kh5 45.Ne3 Kg6 46.Kg3 h5 47.Kf3 Be7 48.Kg3 h4+ 49.Kg4 Bf6
50.Nc2 h3 51.Kxh3 Kf5 52.Kg3 Ke4 53.Nxb4 Bxd4 54.Nc2 Be3 55.f5 exf5 56.b4 f4+
57.Kg2 f3+ 58.Kf1 Bb6 59.b5 d4 60.Na3 d3 61.Nc4 Ba5 62.b6  0-1

[Event "EYCC Boys U16"]
[Site "Batumi GEO"]
[Date "2010.09.23"]
[Round "4"]
[White "Druska,J"]
[Black "Mammadov,Me"]
[Result "1-0"]
[WhiteElo "2243"]
[BlackElo "1832"]

1.e4 c5 2.Nf3 Nc6 3.d4 cxd4 4.Nxd4 Nf6 5.Nc3 d6 6.Bg5 e6 7.Qd2 Be7 8.O-O-O Bd7
9.Ndb5 O-O 10.Bxf6 Bxf6 11.Qxd6 Ne5 12.f4 Bxb5 13.Bxb5 Ng4 14.e5 Be7 15.Qxd8 Rfxd8
16.Be2 Ne3 17.Rxd8+ Rxd8 18.Bf3 f6 19.Re1 Nc4 20.exf6 Bxf6 21.Rxe6 Kf8 22.Be2 Rc8
23.Bxc4 Rxc4 24.Nd5 Kf7 25.Rd6 Bd4 26.c3 Bg1 27.h3 Bh2 28.Kc2 Ke8 29.Re6+ Kd7
30.Re2 Rc5 31.g4 Bg3 32.Rg2 Bh4 33.Ne3 Bf6 34.Kd3 Kd6 35.Re2 Rc8 36.g5 Bd8
37.Nf5+ Kc6 38.Nxg7 Rc7 39.Ne6 Rd7+ 40.Kc2 Bb6 41.f5 Rd5 42.g6  1-0

[Event "EYCC Boys U18"]
[Site "Batumi GEO"]
[Date "2010.09.23"]
[Round "4"]
[White "Bakunc,R"]
[Black "Bazeev,G"]
[Result "1-0"]
[WhiteElo "2086"]
[BlackElo "2348"]

1.e4 c5 2.Nf3 Nc6 3.d4 cxd4 4.Nxd4 Nf6 5.Nc3 d6 6.Bg5 e6 7.Qd2 a6 8.O-O-O h6
9.Be3 Be7 10.f3 Nxd4 11.Qxd4 b5 12.g4 e5 13.Qd2 Qa5 14.Kb1 Be6 15.Qf2 Rb8
16.Nd5 Bxd5 17.exd5 Bd8 18.h4 Bb6 19.Be2 Bxe3 20.Qxe3 Qb6 21.Qd2 Rc8 22.g5 Nh5
23.gxh6 gxh6 24.Bd3 Ke7 25.Rde1 Qd4 26.Qa5 Nf4 27.Bf5 Rc4 28.Rd1 Qc5 29.Be4 Ra4
30.Qe1 b4 31.h5 Qa5 32.Qh4+ Ke8 33.Qf6 Rxa2 34.Qxh8+ Ke7 35.Kc1 b3 36.cxb3 Ra1+
37.Kc2 Qc5+ 38.Kd2 Qf2+ 39.Kc3 Ne2+ 40.Kd3 Nf4+ 41.Kc3 Ra2 42.Qa8 Qxb2+ 43.Kb4 Qa3+
44.Kc4 Rb2 45.Qb7+ Ke8 46.Qb4 Qa2 47.Qa4+  1-0

[Event "EYCC Boys U16"]
[Site "Batumi GEO"]
[Date "2010.09.23"]
[Round "5"]
[White "Bukavshin,I"]
[Black "Tilicheev,V"]
[Result "1/2-1/2"]
[WhiteElo "2430"]
[BlackElo "2343"]

1.e4 c5 2.Nf3 d6 3.d4 cxd4 4.Nxd4 Nf6 5.Nc3 Nc6 6.Bg5 e6 7.Qd2 a6 8.O-O-O Bd7
9.f4 b5 10.Bxf6 gxf6 11.Kb1 Qb6 12.Nxc6 Bxc6 13.f5 Qc5 14.Qe1 Qe5 15.Qh4 Bg7
16.Bd3 b4 17.Ne2 a5 18.Rhe1 a4 19.Bc4 b3 20.axb3 axb3 21.Bxb3 Qa5 22.Kc1 h5
23.fxe6 Bh6+ 24.Nf4 Qe5 25.exf7+ Kf8  1/2-1/2

[Event "EYCC Boys U18"]
[Site "Batumi GEO"]
[Date "2010.09.23"]
[Round "5"]
[White "Ter Sahakyan,S"]
[Black "Durarbeyli,V"]
[Result "1/2-1/2"]
[WhiteElo "2516"]
[BlackElo "2495"]

1.e4 c5 2.Nf3 d6 3.d4 cxd4 4.Nxd4 Nf6 5.Nc3 Nc6 6.Bg5 e6 7.Qd2 Be7 8.O-O-O a6
9.f4 Nxd4 10.Qxd4 b5 11.Bxf6 gxf6 12.Bd3 Qc7 13.Qe3 Qc5 14.Qg3 b4 15.Ne2 Kf8
16.Qh3 h5 17.f5 e5 18.Kb1 a5 19.c3 Rb8 20.Rc1 Bb7 21.cxb4 Qxb4 22.Rc4 Qb6
23.Rc2 d5 24.exd5 Bxd5 25.Nc3 Bc6 26.Be4 Bb4 27.Bxc6 Qxc6 28.Qd3 Bxc3 29.Rhc1 Rg8
30.g3 Rg4 31.Rxc3 Qb7 32.Rb3 Rb4 33.Qd6+ Kg7 34.Rc6 Rxb3 35.axb3 Qxb3 36.Qxf6+ Kg8
37.Qg5+ Kf8 38.Rc2 Qf3 39.f6 Qh1+ 40.Qc1 Qxc1+ 41.Kxc1 Kg8 42.Rc5 Re8 43.Rxa5 Kh7
44.Ra6 Kg6 45.Rb6  1/2-1/2

[Event "EYCC Boys U18"]
[Site "Batumi GEO"]
[Date "2010.09.23"]
[Round "5"]
[White "Mammadov,A"]
[Black "Nikolashvili,G"]
[Result "1-0"]
[WhiteElo "2358"]
[BlackElo "2294"]

1.e4 c5 2.Nf3 d6 3.d4 cxd4 4.Nxd4 Nf6 5.Nc3 Nc6 6.Bg5 e6 7.Qd2 Be7 8.O-O-O O-O
9.Ndb5 Qa5 10.Bxf6 Bxf6 11.Nxd6 Rd8 12.f4 e5 13.Qd5 Qc7 14.f5 Nd4 15.Ndb5 Qa5
16.Qc5 Bd7 17.Qa3 Qxa3 18.Nxa3 Bc6 19.Bc4 Be7 20.Nab5 a6 21.Nxd4 Rxd4 22.Bd5 Rd8
23.Rd3 Bg5+ 24.Kd1 Bb5 25.Rxd4 exd4 26.Nxb5 axb5 27.Ke2 Rd7 28.Kd3 Bf6 29.Rf1 Kf8
30.Ra1 Ke7 31.a4 bxa4 32.Rxa4 Be5 33.Rb4 Bxh2 34.Bxb7 Be5 35.Rb6 Rd6 36.Rb5 Kf6
37.Bd5 Rd7 38.Bc4 Ra7 39.b4 h5 40.Ra5 Rb7 41.b5 Kg5 42.Bd5 Rc7 43.Ra3 Rc5
44.Rb3 f6 45.Bc4 Rc8 46.b6 h4 47.b7 Rd8 48.Bd5 Kg4 49.Kc4 Kf4 50.Rd3 Rd7
51.Kc5 Rd8 52.Rxd4 Kg3 53.Rd2 Kf4 54.c4 Bb8 55.Ra2 Ke5 56.Ra8 Rh8 57.Kc6  1-0

[Event "EYCC Boys U14"]
[Site "Batumi GEO"]
[Date "2010.09.23"]
[Round "5"]
[White "Lampert,J"]
[Black "Benidze,G"]
[Result "0-1"]
[WhiteElo "2161"]
[BlackElo "1918"]

1.e4 c5 2.Nf3 d6 3.d4 cxd4 4.Nxd4 Nf6 5.Nc3 Nc6 6.Bg5 e6 7.Qd2 a6 8.O-O-O Bd7
9.f3 h6 10.Be3 Be7 11.g4 b5 12.Nxc6 Bxc6 13.Ne2 Nd7 14.Nd4 Bb7 15.Be2 d5
16.exd5 Bxd5 17.Nf5 O-O 18.Nxe7+ Qxe7 19.Rhg1 Ne5 20.Rg3 Bxa2 21.g5 h5 22.Bd4 Ng6
23.Rh3 e5 24.Be3 h4 25.f4 Rfd8 26.Qe1 exf4 27.Bd4 Re8 28.Rd2 Bc4 29.Kd1 Rad8
30.c3 Qxg5 31.Qf1 Qf5 32.Bd3 Bxd3 33.Qxd3 Qxd3 34.Rhxd3 Ne5 35.Bxe5 Rxd3
36.Rxd3 Rxe5 37.Rd8+ Kh7 38.Rd6 Re6 39.Rd7  0-1

[Event "EYCC Girls U18"]
[Site "Batumi GEO"]
[Date "2010.09.24"]
[Round "6"]
[White "Kulon,K"]
[Black "Tsatsalashvili,K"]
[Result "1-0"]
[WhiteElo "2196"]
[BlackElo "2266"]

1.e4 c5 2.Nf3 d6 3.d4 cxd4 4.Nxd4 Nf6 5.Nc3 Nc6 6.Bg5 e6 7.Qd2 Be7 8.O-O-O Nxd4
9.Qxd4 a6 10.f4 b5 11.Bxf6 gxf6 12.e5 d5 13.Kb1 Bd7 14.f5 fxe5 15.Qxe5 Bf6
16.Qe3 Qe7 17.fxe6 fxe6 18.Be2 O-O 19.Bg4 Rae8 20.Qh3 Bxc3 21.Qxc3 Qg7 22.Qb4 a5
23.Qd6 Qxg4 24.Qxd7 Qg7 25.Qc6 a4 26.Rhe1 Qf6 27.a3 Rc8 28.Qd7 Rfe8 29.Rd3 Rcd8
30.Qc7 Kh8 31.Rf3 Qe7 32.Qe5+ Qg7 33.Rf7 Qxe5 34.Rxe5 Rg8 35.g3 Rg6 36.Rb7 Rf8
37.Re2 Rf1+ 38.Ka2 Rgf6 39.Re3 R1f3 40.Re5 R3f5 41.Re3 Rf3 42.Rxf3 Rxf3 43.Rxb5 Rf2
44.c4 d4 45.Re5 Rc2 46.Rxe6 Rxc4 47.Rb6 Rc1 48.Rb4 d3 49.Rd4 Rc2 50.Rxd3 Rxh2
51.Rd4 Rh3 52.g4 Rh4 53.Rxa4 Kg7 54.Rc4 Kf6 55.a4 Ke6 56.a5 h5 57.a6 hxg4
58.a7 Rh8 59.Rxg4 Ra8 60.Ra4 Kd6 61.Kb3 Kc5 62.Ra5+ Kc6 63.Kb4 Kb6 64.Ra1 Kc6
65.Ra6+ Kc7 66.Kb5 Kb7 67.Rb6+ Kc7 68.Ka6 Rh8 69.Rb7+ Kc6 70.Rb8  1-0

[Event "EYCC Boys U14"]
[Site "Batumi GEO"]
[Date "2010.09.26"]
[Round "7"]
[White "Eggink,R"]
[Black "Bayramov,Elvin Shamil"]
[Result "1/2-1/2"]
[WhiteElo "1925"]
[BlackElo "2006"]

1.e4 c5 2.Nf3 d6 3.d4 cxd4 4.Nxd4 Nf6 5.Nc3 Nc6 6.Bg5 Bd7 7.f4 Qb6 8.Nb3 Ng4
9.Qd2 Qe3+ 10.Qxe3 Nxe3 11.Kd2 Nxf1+ 12.Rhxf1 O-O-O 13.Rae1 h6 14.Bh4 g5
15.Bg3 Bg7 16.fxg5 hxg5 17.Rxf7 Bf6 18.Rf1 Rh6 19.Nd5 Be6 20.R7xf6 exf6 21.Rxf6 Rxf6
22.Nxf6 Rf8 23.Nh7 Rg8 24.Nf6 Rh8 25.Ke3 Kc7 26.Nd4 Nxd4 27.Kxd4 Kc6 28.c4 b6
29.b3 Bf7 30.e5 dxe5+ 31.Kxe5 Bg6 32.Nd5 Re8+ 33.Kf6 Be4 34.Nc7 Rg8 35.Ne6 g4
36.Nf4 Bb1 37.Nd5 Kd7 38.Kf7 Rg5 39.Bb8 Rf5+ 40.Kg7 Rg5+ 41.Kf6 Rg6+ 42.Ke5 a6
43.Nc3 Bd3 44.Kf4 Kc6 45.h3 gxh3 46.gxh3 Rg1 47.h4 Rh1 48.Kg4 Rc1 49.Be5 Re1
50.Bd4 b5 51.cxb5+ axb5 52.b4 Bc4 53.h5 Bd3 54.h6 Rh1 55.Kg5 Bc2 56.Bg7 Rg1+
57.Kf4 Bh7 58.Ne2 Rg2 59.Nc3 Rb2 60.a3 Rb3 61.Ne4 Rxa3 62.Nf6 Bg6 63.Kg5  1/2-1/2

[Event "EYCC Girls U16"]
[Site "Batumi GEO"]
[Date "2010.09.26"]
[Round "7"]
[White "Shvayger,Y"]
[Black "Jalabadze,N"]
[Result "1-0"]
[WhiteElo "2200"]
[BlackElo "2043"]

1.e4 c5 2.Ne2 Nc6 3.d4 cxd4 4.Nxd4 Nf6 5.Nc3 d6 6.Bg5 e6 7.Qd2 Be7 8.O-O-O O-O
9.f3 a6 10.h4 Qc7 11.h5 Nxd4 12.Qxd4 h6 13.Be3 b5 14.g4 e5 15.Qd2 b4 16.Nd5 Nxd5
17.exd5 Qd8 18.Qxb4 Bg5 19.Bxg5 Qxg5+ 20.Kb1 Qe7 21.Bd3 a5 22.Qd2 a4 23.Rdg1 Qg5
24.Qxg5 hxg5 25.c4 Rb8 26.Kc2 f5 27.gxf5 Bxf5 28.Bxf5 Rxf5 29.Rg3 e4 30.fxe4 Rf2+
31.Kd3 Rbxb2 32.Rd1 Rxa2 33.Rxg5 Kf7 34.Rg6 Rab2 35.Rxd6 a3 36.Ra6 a2 37.Ra1 Rfd2+
38.Ke3 Re2+ 39.Kd4 Rbd2+ 40.Ke5 Rh2 41.Kd6 Rde2 42.e5 Rxh5 43.e6+ Kg8 44.R1xa2 g5
45.Rxe2  1-0

[Event "Highlands Open"]
[Site "Zdar nad Sazavou CZE"]
[Date "2010.09.27"]
[Round "3"]
[White "Karasek,L"]
[Black "Ivanov,MM"]
[Result "1/2-1/2"]
[WhiteElo "2183"]
[BlackElo "2438"]

1.e4 c5 2.Nf3 d6 3.d4 cxd4 4.Nxd4 Nf6 5.Nc3 Nc6 6.Bg5 Qa5 7.Bxf6 gxf6 8.Qd2 Nxd4
9.Qxd4 Bd7 10.f4 Rc8 11.O-O-O Qc5 12.Qd2 e6 13.Bd3 b5 14.Rhf1 b4 15.Ne2 a5
16.Kb1 h5 17.Rc1 Rb8 18.c3 Bg7 19.cxb4 Qxb4 20.Qxb4 Rxb4 21.Rc2 Ke7 22.a3 Rb7
23.Nc3 Rhb8 24.Rff2 h4 25.Ka2 Bh6 26.Bc4 a4 27.Nd1 f5 28.exf5 d5 29.fxe6 fxe6
30.Bd3 Rb3 31.Rc3 d4 32.Rxb3 axb3+ 33.Kb1 e5 34.g3 exf4 35.gxf4 Rf8 36.Re2+ Kd6
37.Nf2 Rxf4 38.Ne4+ Kc7 39.Nd2 h3 40.Nxb3 Rf1+ 41.Ka2 Rf3 42.Nc5 Bg4 43.Re4  1/2-1/2

[Event "EYCC Boys U16"]
[Site "Batumi GEO"]
[Date "2010.09.28"]
[Round "9"]
[White "Guttulsrud,O"]
[Black "Volkov,Nika"]
[Result "0-1"]
[WhiteElo "2107"]
[BlackElo "2159"]

1.e4 c5 2.Nf3 d6 3.d4 cxd4 4.Nxd4 Nf6 5.Nc3 Nc6 6.Bg5 e6 7.Qd2 Be7 8.Bxf6 gxf6
9.O-O-O a6 10.f4 Qb6 11.Nb3 Bd7 12.Be2 O-O-O 13.Bh5 Be8 14.Qd3 Rg8 15.Qh3 Kb8
16.f5 Bf8 17.Rhf1 Qc7 18.fxe6 fxe6 19.Bxe8 Rxe8 20.Rxf6 Qe7 21.Rdf1 Bg7 22.Rf7 Qg5+
23.Kb1 Ne5 24.R7f2 Nc4 25.Qd3 Rc8 26.Nd4 Qa5 27.Nb3 Qb6 28.Nd1 a5 29.c3 a4
30.Nd4 Na3+ 31.Ka1 Qxd4 32.Qxd4 Bxd4 33.bxa3 Bxf2 34.Rxf2 Rcf8 35.Rd2 Rf4
36.Rxd6 Rxe4 37.Rd2 Kc7 38.Kb2 Rd8 39.Kc2 Re1 40.Rxd8 Kxd8 41.Kd2 Rg1 42.Ne3 Ra1
43.Nc2 Rb1 44.g4 Rh1 45.Nd4 Rxh2+ 46.Kd3 Kd7 47.Nf3 Rxa2 48.Kc4 Rxa3 49.Ng5 Rb3
50.Nxh7 b5+ 51.Kd4  0-1

[Event "EYCC Girls U16"]
[Site "Batumi GEO"]
[Date "2010.09.28"]
[Round "9"]
[White "Sharapova,A"]
[Black "Langnerova,K"]
[Result "1-0"]
[WhiteElo "2024"]
[BlackElo "1868"]

1.e4 c5 2.Nf3 Nc6 3.d4 cxd4 4.Nxd4 Nf6 5.Nc3 d6 6.Bg5 e6 7.Qd2 Be7 8.f3 a6
9.h4 Bd7 10.O-O-O b5 11.Nxc6 Bxc6 12.Ne2 O-O 13.Nd4 Bb7 14.g4 Nd7 15.Be3 Ne5
16.g5 Rc8 17.h5 Nxf3 18.Nxf3 Bxe4 19.Ne1 Bxh1 20.Bd3 g6 21.Ng2 Bxg2 22.Qxg2 Kg7
23.Rf1 Qc7 24.Qh3 Rh8 25.Kb1 Rcf8 26.h6+ Kg8 27.Qg4 Qc8 28.Qg3 Qe8 29.a4 f5
30.gxf6 Rxf6 31.Rxf6 Bxf6 32.Qxd6 bxa4 33.Bd4 Qe7 34.Qxe7 Bxe7 35.Bc4 Kf7
36.Bxh8  1-0

[Event "Karen Asrian Memorial"]
[Site "Jermuk ARM"]
[Date "2010.10.05"]
[Round "1"]
[White "Sargissyan,S"]
[Black "Kotanjian,T"]
[Result "1/2-1/2"]
[WhiteElo "2195"]
[BlackElo "2522"]

1.e4 c5 2.Nf3 Nc6 3.d4 cxd4 4.Nxd4 Nf6 5.Nc3 d6 6.Bg5 e6 7.Qd2 a6 8.O-O-O Bd7
9.Nxc6 Bxc6 10.Qe1 Qa5 11.f4 Be7 12.Kb1 h6 13.Bxf6 Bxf6 14.Nd5 Qxe1 15.Rxe1 Bd8
16.Bd3 O-O 17.Nb4 Bd7 18.c3 b5 19.Nc2 Bb6 20.Rhf1 Rfe8 21.f5 exf5 22.exf5 Bc6
23.g3 Bg2 24.Rxe8+ Rxe8 25.Rd1 Re5 26.a4 bxa4 27.Bxa6 Bc5 28.Bb5 a3 29.b4 Bxb4
30.cxb4 Rxb5 31.Rd4 Rxf5 32.Nxa3 Rf2 33.b5 Bh1 34.Nc4 Rxh2 35.Nxd6 Re2 36.b6 Re3
37.Kc2 Rxg3 38.Ne4 Rg6 39.b7 Rb6 40.Nf6+ gxf6 41.Rd8+ Kg7 42.b8=Q Rxb8 43.Rxb8 f5
44.Kd3 h5 45.Ke3 h4 46.Rb4 Be4 47.Kf4 Kg6 48.Rb8 Kg7 49.Rb4  1/2-1/2

[Event "Tatry Open"]
[Site "Tatranske Zruby CZE"]
[Date "2010.10.05"]
[Round "5"]
[White "Zacik,A"]
[Black "Krak,T"]
[Result "0-1"]
[WhiteElo "1990"]
[BlackElo "2245"]

1.e4 c5 2.Nf3 Nc6 3.d4 cxd4 4.Nxd4 Nf6 5.Nc3 d6 6.Bg5 e6 7.Qd2 a6 8.O-O-O h6
9.Nxc6 bxc6 10.Bf4 d5 11.Qe3 Qe7 12.exd5 cxd5 13.Be2 Qa7 14.Qxa7 Rxa7 15.Be5 Bc5
16.Rhf1 Bd7 17.f4 Bc6 18.Bd4 Bxd4 19.Rxd4 Ke7 20.Bf3 Rb8 21.Re1 Rab7 22.b3 Rb4
23.Red1 a5 24.Ne2 Bb5 25.Rxb4 axb4 26.Nd4 Bd7 27.Kb2 g5 28.g3 Ra8 29.Ra1 Kd6
30.c3 bxc3+ 31.Kxc3 Ne8 32.a4 f6 33.Be2 Nc7 34.fxg5 e5 35.Nc2 hxg5 36.Rf1 f5
37.Bd3 d4+ 38.Nxd4 Nd5+ 39.Kc2 exd4 40.Bxf5 Ne3+  0-1

[Event "TCh-ISL Div 1 2010-11"]
[Site "Reykjavik ISL"]
[Date "2010.10.08"]
[Round "1.2"]
[White "Omarsson,D"]
[Black "Ulfarsson,M"]
[Result "1-0"]
[WhiteElo "2172"]
[BlackElo "2388"]

1.e4 c5 2.Nf3 d6 3.d4 cxd4 4.Nxd4 Nf6 5.Nc3 Nc6 6.Bg5 e6 7.Qd2 Be7 8.O-O-O O-O
9.f4 Nxd4 10.Qxd4 Qa5 11.Bc4 Bd7 12.e5 dxe5 13.fxe5 Bc6 14.Bd2 Nd7 15.Nd5 Qd8
16.Nxe7+ Qxe7 17.Rhe1 Rfd8 18.Qg4 Nf8 19.Bd3 Rd5 20.Be4 Rd7 21.Bb4 Rxd1+
22.Rxd1 Qc7 23.Bd6 Qa5 24.Bxc6 bxc6 25.Kb1 Ng6 26.Qe4 Rd8 27.Rd3 Qb6 28.a3 Qg1+
29.Ka2 Rc8 30.Rc3 Qb6 31.h4 h5 32.g3 Qf2 33.Qb4 Qb6 34.Qa4 a6 35.Rb3 Qa7
36.Qa5 Ra8 37.Rb6 Rc8 38.Qxa6 Qxa6 39.Rxa6 f6 40.exf6 gxf6 41.a4 e5 42.a5 Kf7
43.Rb6 Ke6 44.Bc5 Ne7 45.Rb7 Nd5 46.a6 Nc7 47.a7 Na6 48.Be3 Ra8 49.Ka3 Kd5
50.Ka4 f5 51.Ka5 Nc5 52.Bxc5 Kxc5 53.Ka6  1-0